|
|
|
|
| LEADER |
00000nam a2200000 i 4500 |
| 001 |
1/16221 |
| 008 |
111103s1998 gre d |
| 035 |
|
|
|l 10111277
|
| 040 |
|
|
|a GR-MY-UA
|b gre
|e aacr
|
| 041 |
0 |
|
|a gre
|
| 082 |
0 |
|
|a 726.5
|2 (22)
|
| 100 |
1 |
|
|a Γκιολές, Νικόλαος.
|
| 245 |
1 |
0 |
|a Παλαιοχριστιανική τέχνη :
|b ναοδομία (π.200-600) /
|c Νίκος Γκιολές
|
| 250 |
|
|
|a 2η έκδ.
|
| 260 |
|
|
|a Αθήνα :
|b [χ.ο.],
|c 1998
|
| 300 |
|
|
|a 310 σ.;
|b εικ.;
|c 24 εκ.
|
| 504 |
|
|
|a Βιβλιογραφία: σ. 138
|
| 650 |
0 |
0 |
|a Art, Early Christian.
|
| 650 |
0 |
0 |
|a Architecture, Byzantine
|z Greece.
|
| 650 |
0 |
0 |
|a Church architecture.
|
| 852 |
|
|
|a INST
|b RHODES
|c EUDOXUS
|e 20111103
|h 726.5 ΓΚΙ
|p 005400033788
|q 005400033788
|t EDX
|y 0
|
| 901 |
|
|
|a BIBL4-2011-3
|
| 909 |
|
|
|a Ρ
|b 170426
|
| 920 |
|
|
|a ΕΥΔΟΞΟΣ
|b ΕΠΙΣΤΡΟΦΗ
|y ΡΟΔΟΣ
|z 2011-11
|
| 970 |
|
|
|z 2011/11/03
|